Les réserves dans les traités internationaux
Gardado en:
| Autor Principal: | |
|---|---|
| Formato: | Libro |
| Idioma: | francés |
| Publicado: |
París
Librairie Générale de Droit et de Jurisprudence
1958
|
| Series: | Bibliothèque de Droit International, 5
|
| Subjects: | |
| Tags: |
Engadir etiqueta
Sen Etiquetas, Sexa o primeiro en etiquetar este rexistro!
|
MARC
| LEADER | 00000nam a2200000 a 4500 | ||
|---|---|---|---|
| 001 | UCT9418 | ||
| 003 | CL-VaPUC | ||
| 008 | 970404e19580000FR |||||||||||||||||fre|d | ||
| 082 | 0 | 4 | |a 341.37 |b HOL |2 21 |
| 100 | 0 | |a Holloway, Kaye |e author |9 382086 | |
| 245 | 1 | 4 | |a Les réserves dans les traités internationaux |
| 300 | |a 378 p | ||
| 942 | |c BK | ||
| 945 | |d 19970404 00:00:00 |a paguirre | ||
| 260 | |a París |b Librairie Générale de Droit et de Jurisprudence |c 1958 | ||
| 650 | 0 | |a Tratados internacionales |9 256056 | |
| 650 | 0 | |a Relaciones Internacionales |9 255740 | |
| 650 | 0 | |a Derecho internacional |9 255637 | |
| 650 | 0 | |a Cooperación internacional |9 255447 | |
| 583 | |a last modification |c 19970404 00:00:00 |k Rodrigo Vera | ||
| 490 | 0 | |a Bibliothèque de Droit International, 5 | |
| 999 | |c 257819 |d 257817 | ||
| 952 | |0 0 |1 0 |4 0 |6 341_370000000000000_HOL_1958 |7 0 |8 A |9 281486 |a BIBDER |b BIBDER |d 2019-11-19 |i 1824694 |o 341.37 HOL 1958 |p 1824694 |r 2023-01-25 |w 2019-11-19 |y BK |k DER | ||